|
|
|
|
| LEADER |
01026nam a22002537a 4500 |
| 001 |
42414 |
| 003 |
BD-DhAAL |
| 008 |
240312t2002 nyua|||| |||| 001 0 eng d |
| 020 |
|
|
|a 00228006624
|
| 020 |
|
|
|a 9780022800666
|
| 040 |
|
|
|a BD-DhAAL
|c BD-DhAAL
|
| 082 |
|
|
|a 500
|2 23
|
| 245 |
|
|
|a Science :
|b energy /
|c Richard Moyer ... [et al.].
|
| 264 |
|
|
|a New York :
|b Mc Graw-Hill,
|c c2002.
|
| 300 |
|
|
|a various paging :
|b color illustrations ;
|c 28 cm.
|
| 500 |
|
|
|a Includes index.
|
| 541 |
|
|
|a Donation from the Asia Foundation
|e 42414, 42415
|
| 650 |
|
|
|a Science.
|
| 700 |
|
|
|a Moyer, Richard.
|9 55346
|
| 852 |
|
|
|a Ayesha Abed Library
|
| 942 |
|
|
|2 ddc
|c BK
|
| 999 |
|
|
|c 46459
|d 46459
|
| 952 |
|
|
|0 0
|1 0
|2 ddc
|4 0
|6 500_000000000000000_SCI
|7 0
|9 75250
|a SCL
|b SCL
|c GEN
|d 2024-03-12
|e Donation from the Asia Foundation
|l 0
|o 500 SCI
|p 3020042414
|r 2024-03-12
|t 1
|w 2024-03-12
|y BK
|
| 952 |
|
|
|0 0
|1 0
|2 ddc
|4 0
|6 500_000000000000000_SCI
|7 0
|9 75251
|a SCL
|b SCL
|c GEN
|d 2024-03-12
|e Donation from the Asia Foundation
|l 0
|o 500 SCI
|p 3020042415
|r 2024-03-12
|t 2
|w 2024-03-12
|y BK
|